| 000 | 00486nam a2200193 a 4500 | ||
|---|---|---|---|
| 001 | 1766310659991 | ||
| 003 | YourLibrary | ||
| 005 | 20251222104446.0 | ||
| 008 | 251221s1996##################000#0#eng## | ||
| 020 | _a9780195096569 | ||
| 082 | 0 | 4 |
_a264.020862 _bHAL |
| 100 | 1 |
_aHaliczer, Stephen, _eauthor. |
|
| 245 | 1 | 0 | _aSexuality in the Confessional : |
| 260 | _c1996. | ||
| 300 | _a276 pages | ||
| 650 | 0 | _aHistory. | |
| 942 | _cENGLISH | ||
| 040 |
_aYourLibrary _beng _cYourLibrary |
||
| 999 |
_c603503 _d603503 |
||